00258nam a2200097Ia 4500008004100000100001300041245002700054260002700081300000900108650004300117190216s9999||||xx |||||||||||||| ||und|| aJain V K 0aComputer For Beginners bA.G Publicationsc1994 a192p a"Computer Programming. Programs, Data"